Every country to have declared war on the Axis during WWII - Statistics

General Stats
  • This quiz has been taken 2,378 times
  • The average score is 44 of 58
Answer Stats
Date Conuntry % Correct
Sept. 3 1939 United Kingdom
98%
Sept. 3 1939 France
97%
Dec. 8 1941 United States
97%
Sept. 10 1939 Canada
95%
Dec. 9 1941 China
94%
Sept. 3 1939 Australia
93%
Apr. 8 1940 Norway
93%
Sept. 1 1939 Poland
93%
Jun. 22 1941 Soviet Union
92%
May 10 1940 Belgium
91%
May 10 1940 Netherlands
91%
Apr. 6 1941 Yugoslavia
91%
Aug. 22 1942 Brazil
90%
Apr. 8 1940 Denmark
88%
Oct. 28 1940 Greece
88%
Sept. 3 1939 New Zealand
88%
May 22 1942 Mexico
87%
March 27 1945 Argentina
86%
Sept. 3 1939 British India
85%
Sept. 15 1944 Finland
85%
Aug. 25 1944 Romania
82%
Dec. 16 1940 Czechoslovakia
81%
Oct. 10 1943 Italy
81%
Feb. 23 1945 Turkey
81%
Apr. 11 1945 Chile
80%
July 26 1943 Colombia
80%
May 10 1940 Luxembourg
80%
Sept. 9 1943 Iran
79%
Sept. 6 1939 South Africa
79%
Sept. 8 1944 Bulgaria
78%
Feb. 24 1945 Egypt
78%
Feb. 15 1945 Venezuela
77%
Dec. 9 1941 Cuba
76%
Jan. 16 1943 Iraq
76%
Dec. 7 1941 Panama
76%
Feb. 12 1945 Peru
76%
Feb. 7 1945 Paraguay
74%
Feb. 15 1945 Uruguay
74%
Apr. 7 1943 Bolivia
72%
Feb. 2 1945 Ecuador
72%
Dec. 8 1941 Honduras
72%
Dec. 8 1941 Costa Rica
71%
Dec. 9 1941 Guatemala
71%
Dec. 8 1941 Nicaragua
70%
Dec. 8 1941 El Salvador
68%
Dec. 8 1941 Haiti
67%
Dec. 8 1941 Dominican Republic
65%
Dec. 14 1942 Ethiopia
65%
Mar. 1 1945 Saudi Arabia
65%
Dec. 8 1941 Philippines
60%
Dec. 7 1941 Vietnam
56%
Aug. 1 1945 Mongolia
55%
Feb. 26 1945 Syria
54%
Sept. 10 1939 Oman
51%
Sept. 4 1939 Nepal
41%
Feb. 27 1945 Lebanon
40%
Jan. 27 1944 Liberia
39%
Dec. 10 1941 South Korea
37%
No matching quizzes found
Score Distribution
Percent of People with Each Score
Percentile by Number Answered
Your Score History
You have not taken this quiz